Les saints canonisés de 2006 à 2009 - Statistiques

Statistiques générales
  • Ce quiz a été pris 6 fois
  • Le résultat moyen est 8 sur 15
Statistiques - réponses
Hint Réponse % Correct
Raphaël Guizar Valencia (1878-1938) Evêque mexicain
80%
Charles Houben (1821-1893) Prêtre néerlandais
80%
Anne Thérèse Guérin (1798-1856) Religieuse française de la Providence
80%
Muttahupadathu (1910-1946) Religieuse indienne
80%
Marie Bernarde Butler (1848-1924) Religieuse suisse
80%
Antoine Galvao (1739-1822) Prêtre brésilien
60%
Anne de Brou (1817-1898) Religieuse française fondatrice des religieuses de l'Asssomption
60%
Rosa Venerini (1656-1728) Religieuse italienne fondatrice des Pieuses maitresses Venerini
60%
Catherine Volpicelli (1839-1894) Religieuse italienne fondatrice des Servantes du Sacré-Coeur
60%
Narcisse de Jésus Martillo Moran (1832-1869) Laïque équatorienne
40%
Simon de Lipnica (1735-1482) Prêtre polonais
40%
Bernard Tolomei (1272-1348) Moine italien
20%
Philippe Smaldone (1848-1923) Prêtre italien
20%
Gaétan Enrico (1791-1860) Prêtre italien fondateur des Missions des Sacrés Coeurs
20%
Gertrude Comensoli (1847-1903) Religieuse italienne fondatrice des Soeurs de Bergame
20%
Aucun quiz correspondant
Distribution des résultats
% des personnes avec chaque résultat
Percentile par nombre de réponses
Votre historique - résultats
Vous n’avez pas pris ce quiz